Statistiques concernant Trouve les paroles - Derrière le brouillard - Grand Corps Malade

Cliquez ici pour prendre le quiz!

Statistiques générales

  • Ce quiz a été pris 48 fois
  • Le résultat moyen est 278 sur 424

Statistiques - réponses

Réponse% Correct
de
100%
derrière
97%
le
97%
brouillard
94%
je
94%
Je
94%
ce
92%
chanté
92%
dans
92%
Et
92%
j'entends
92%
noir
92%
piano
92%
chanter
89%
Chanter
89%
croire
86%
les
86%
m'a
86%
ma
86%
peut
86%
qu'on
86%
tout
86%
A
83%
À
83%
à
83%
a
83%
l'envie
83%
l'espoir
83%
réinventer
83%
en
81%
En
81%
pour
81%
un
81%
une
81%
voix
81%
Alors
78%
encore
78%
fois
78%
te
78%
joins
75%
courage
72%
l'orage
72%
me
69%
trouver
69%
comme
67%
Comme
67%
pas
67%
t'en
67%
l'a
64%
la
64%
tenir
64%
ta
61%
tu
61%
Tu
61%
plus
58%
pu
58%
toi
58%
Y'a
58%
chaque
56%
choix
56%
On
56%
on
56%
enfant
53%
Que
53%
t'as
53%
t'es
53%
chute
50%
des
50%
d'recette
50%
d'survie
50%
fait
50%
mise
50%
moment
50%
non
50%
Quand
50%
quand
50%
quel
50%
rame
50%
recette
50%
vie
50%
avais
47%
battu
47%
c'est
47%
du
47%
instinct
47%
mers
47%
par
47%
ça
44%
évidence
44%
fleuves
44%
imposé
44%
instant
44%
loin
44%
sens
44%
Si
44%
supporter
44%
ton
44%
charme
42%
est
42%
exprimer
42%
J'ai
42%
j'ai
42%
même
42%
peux
42%
plusieurs
42%
Ses
42%
truc
42%
Abandonner
39%
chanson
39%
chantant
39%
déjà
39%
musique
39%
Remonter
39%
surpris
39%
tragédies
39%
vies
39%
accepter
36%
au
36%
comprends
36%
délivrance
36%
devant
36%
épreuves
36%
humain
36%
il
36%
l'cours
36%
main
36%
Personne
36%
pleuvent
36%
t'relever
36%
console
33%
drames
33%
exister
33%
Franchir
33%
l'enfer
33%
l'horreur
33%
moi
33%
Moi
33%
qu'c'est
33%
accords
31%
bien
31%
boussole
31%
hanté
31%
prévenu
31%
pris
31%
qu'elle
31%
revient
31%
avancer
28%
d'furie
28%
encaisser
28%
progresser
28%
respiration
28%
t'avait
28%
t'ont
28%
aussi
25%
entendu
25%
l'avenir
25%
regarder
25%
résister
25%
sais
25%
santé
25%
histoire
22%
ont
22%
punis
22%
rejoint
22%
résilience
22%
choyé
19%
n'a
19%
oratoire
19%
sans
19%
sers
19%
sorte
19%
air
17%
communs
17%
connu
17%
points
17%
quelques
17%
chantes
14%
finalement
14%
force
14%
vraiment
14%
Naturellement
11%
prévoir
11%
J'écris
8%
moemnt
6%

Distribution des résultats

Percentile par nombre de réponses

% des personnes avec chaque résultat

Votre développement - résultats

Vous n’avez pas pris ce quiz